000 00345 a2200157 4500
001 69076
020 _a9781409301776
040 _cAnchieta - Itaigara
100 _aClark, Lesley
240 1 0 _aWhat´s the time?
_lIng
245 1 0 _aWhat´s the time?
300 _a27
362 0 _a0
650 4 _aLiteratura infantil em inglês
942 _cBK
999 _c69076
_d69076